00923 2200325 4500001002100000005001500021035002000036007000300056040001700059100002400076245007100100250001200171300004300183041000800226082000800234090002100242264003700263336002100300337003000321338002300351650001700374850001000391008004100401700004000442990002300482990002300505990002300528990002300551990002300574INLIS00000000000581720260424105928 a0010-0322000061ta aSBPUPADbind0 aMc. IverePengarang1 aJaring-Jaring Pemerintahan 2 /cMc. Iver, Penerjemah, Laila Hasyim a.-Cet.1 avii, 214 hlm. :bilus. ;c14,5x20,7 cm0 aind a321 a338.1 HAS d 10-2 a.--Jakarta :bAksara Baru,c1981 2rdacontentaTeks 2rdamediaaTanpa Perantara 2rdacarrieraVolume 4aPemerintahan aPUPAD260424 0  aPenerjemah, Laila HasyimePengarang a3157/BR/ARPUS/2007 a3156/BR/ARPUS/2007 a3155/BR/ARPUS/2007 a3153/BR/ARPUS/2007 a3154/BR/ARPUS/2007